Transmision digital desde un microcomputador utilizando modulacion DPSK
Gorde:
| Egile nagusia: | |
|---|---|
| Formatua: | Tesis Liburua |
| Hizkuntza: | Undetermined |
| Argitaratua: |
1984
|
| Gaiak: | |
| Etiketak: |
Etiketa erantsi
Etiketarik gabe, Izan zaitez lehena erregistro honi etiketa jartzen!
|
MARC
| LEADER | 00000nam a2200000Ia 4500 | ||
|---|---|---|---|
| 001 | 4320 | ||
| 008 | 140114s9999 xx 000 0 und d | ||
| 100 | |a Sonderegger Beyeler, Andre | ||
| 245 | |a Transmision digital desde un microcomputador utilizando modulacion DPSK | ||
| 260 | |c 1984 | ||
| 500 | |a NULL | ||
| 502 | |a Escuela de ingenieria Electrica | ||
| 650 | |z TRANSMISION DIGITAL | ||
| 999 | |c 11587 |d 11587 | ||
